Hitman Countries Visited Map - Statistics

General Stats
  • This quiz has been taken 27 times
  • The average score is 21 of 29
Answers on the Map
Answers color-coded by a green-red scale on the quiz's map according to % correct below.
 
Answer Stats
Europe % Correct
United Kingdom
100%
United States
100%
China
95%
France
95%
Japan
95%
Russia
95%
Germany
90%
Italy
90%
Morocco
90%
Argentina
85%
Canada
85%
Colombia
85%
India
85%
New Zealand
80%
Australia
75%
United Arab Emirates
75%
Chile
65%
Denmark
65%
Thailand
65%
Austria
60%
Maldives
60%
Romania
60%
Singapore
60%
Cuba
50%
Malaysia
45%
Netherlands
40%
Hungary
35%
Montenegro
25%
Afghanistan
20%
No matching quizzes found
Score Distribution
Percent of People with Each Score
Percentile by Number Answered
Your Score History
You have not taken this quiz